000 00333nam a22001337a 4500
005 20250912120431.0
020 _a9780143469018
082 _a972.91 ULL/M
100 _aUllekh, N.P.
_91339
245 _aMad about Cuba/
_cby Ullekh
260 _a. - Haryana
_b: Penguin random house
_c, 2024
300 _a223 pages
942 _2ddc
_cBK
999 _c751316
_d751316